Politique Internationale en B - Statistiques

Statistiques générales
  • Ce quiz a été pris 399 fois
  • Le résultat moyen est 7 sur 10
Statistiques - réponses
Hint Réponse % Correct
46e président des Etats-Unis, de 2020 à 2024. Joe Biden
99%
Ancien président d’extrême-droite du Brésil (2019-2023), il a participé à une tentative de Coup d’Etat en 2022 suite à sa défaite à l’élection présidentielle. Jair Bolsonaro
89%
Mouvement social et politique américain qui milite contre le racisme systémique envers la communauté afro-américaine. Le mouvement est notamment visibilisé en 2020 suite au meutre de Georges Floyd par un policier. Black Lives Matter
87%
Ancien nom du Myanmar, changé par la junte militaire en 2010. Birmanie
85%
Groupe de 9 pays ayant pour but une coopération économique et politique, dont les membres fondateurs sont la Russie, l’Inde, le Brésil et la Chine. BRICS+
79%
Union d’origine économique entre la Belgique, les Pays-Bas et le Luxembourg Benelux
76%
Système politique s’appuyant sur la domination et la coexistence de deux partis politiques Bipartisme
49%
Premier Ministre travailliste du Royaume-Uni de 1997 à 2007 Tony Blair
45%
1er Premier Ministre d’Israël, de 1948 à 1963. David Ben Gourion
38%
Ancienne Présidente socialiste du Chili (2006-2010 puis 2014-2018), elle a ensuite été Haute Commissaire des Nations Unies aux Droits de l’Homme. Michelle Bachelet
17%
Aucun quiz correspondant
Distribution des résultats
% des personnes avec chaque résultat
Percentile par nombre de réponses
Votre historique - résultats
Vous n’avez pas pris ce quiz